000 00354nam a2200109 4500
008 b xx# fre u
040 _aLB-BrCRDP
082 1 _a027.8
_bPOU
245 1 0 _aGuide à l'usage des documentalistes et de leurs partenaires dans l'établissement
_cMichel Poupelin
942 _cBK
999 _c9433
_d9433